Evaluation of the economic situation in selected companies in printing industry in the Slovak Republic diplomová práca

Salvato in:
Dettagli Bibliografici
Autore principale: Hurtuková, Denisa
Ente Autore: Ekonomická univerzita v Bratislave. Ústav medzinárodných programov
Altri autori: Verček, Peter, Šúbertová, Elena
Natura: Libro
Lingua:inglese
Pubblicazione: Bratislava 2013
Tags: Aggiungi Tag
Nessun Tag, puoi essere il primo ad aggiungerne!!

MARC

LEADER 00000nbm a2200000 4500
001 0176348
005 20170315090440.9
041 0 |a eng 
044 |a SK 
245 1 0 |a Evaluation of the economic situation in selected companies in printing industry in the Slovak Republic  |b diplomová práca  |c Denisa Hurtuková ; školiteľ: Elena Šúbertová 
264 1 |a Bratislava  |c 2013 
100 1 |a Hurtuková, Denisa 
700 1 |a Verček, Peter 
700 1 |a Šúbertová, Elena 
710 2 |a Ekonomická univerzita v Bratislave. Ústav medzinárodných programov